00000000nam##2200000za#4500
0019.651107
003CaOODSP
00520250319164423
007tb
008150407|2008||||xxc|||||d    f|0| 0 eng|d
020 |a978-0-662-48110-2
040 |aCaOODSP|beng
043 |an-cn---
0861 |aSG5-18/2008E-LP
1101 |aCanada. |bService Canada.
24510|aServices for seniors : |ba guide to Government of Canada services for seniors and their families
260 |aOttawa - Ontario : |bService Canada |cc2008.
300 |a21p. ; |c28 cm.
5203 |aA guide to information, programs and services of interest to seniors and people who are planning for retirement. It is meant to help you find information about services and benefits you may be entitled to.
563 |aSoftcover
590 |a08-41|b2008-10-10
69007|aGovernment services|2gcpds
69007|aSeniors|2gcpds
77508|tGuide des services pour les aînés : |w(CaOODSP)9.684158
7760#|tServices for seniors guide : |w(CaOODSP)9.651106
986 |aISBP-344-03-08LE